NHL Defencemen with over 1000 Points - Statistics

General Stats
  • This quiz has been taken 929 times
  • The average score is 5 of 8
Answer Stats
Hint Answer % Correct
1579 Ray Bourque
91%
1531 Paul Coffey
89%
1142 Nicklas Lidstrom
79%
1274 Al MacInnis
58%
1052 Denis Potvin
58%
1028 Brian Leetch
55%
1232 Phil Housley
49%
1216 Larry Murphy
36%
No matching quizzes found
Score Distribution
Percent of People with Each Score
Percentile by Number Answered
Your Score History
You have not taken this quiz